Giáo trình làm văn; T1

שמור ב:
מידע ביבליוגרפי
מחבר ראשי: Chim Văn Bé
פורמט: ספר
שפה:Undetermined
יצא לאור: Cần Thơ Trường Đại học Cần Thơ 1992
נושאים:
תגים: הוספת תג
אין תגיות, היה/י הראשונ/ה לתייג את הרשומה!
Thư viện lưu trữ: Trung tâm Học liệu Trường Đại học Cần Thơ
LEADER 00544nam a2200181Ia 4500
001 CTU_9661
008 210402s9999 xx 000 0 und d
082 |a 807 
082 |b B200/T1 
100 |a Chim Văn Bé 
245 0 |a Giáo trình làm văn; T1 
245 0 |c Chim Văn Bé 
260 |a Cần Thơ 
260 |b Trường Đại học Cần Thơ 
260 |c 1992 
650 |a literature - study and teaching 
904 |i Nguyễn Quang Điền, 961001 
980 |a Trung tâm Học liệu Trường Đại học Cần Thơ